Government bonds and their investors what are the facts and do they matter? /

Bibliographic Details
Main Author: Andritzky, Jochen R.
Corporate Authors: International Monetary Fund., ProQuest (Firm)
Format: Electronic eBook
Language:English
Published: Washington : International Monetary Fund, 2012.
Series:IMF working paper ; 12/158
Subjects:
Online Access:Click to View
LEADER 01303nam a2200349Ia 4500
001 EBC1606803
003 MiAaPQ
005 20200520144314.0
006 m o d |
007 cr cn|||||||||
008 111102s2012 dcu sb 000 0 eng d
020 |z 9781475504514 
020 |z 9781475570052 
035 |a (MiAaPQ)EBC1606803 
035 |a (Au-PeEL)EBL1606803 
035 |a (CaPaEBR)ebr10590642 
035 |a (OCoLC)870244825 
040 |a MiAaPQ  |c MiAaPQ  |d MiAaPQ 
050 4 |a HG4715  |b .A63 2012 
100 1 |a Andritzky, Jochen R. 
245 1 0 |a Government bonds and their investors  |h [electronic resource] :  |b what are the facts and do they matter? /  |c prepared by Jochen R. Andritzky. 
260 |a Washington :  |b International Monetary Fund,  |c 2012. 
300 |a 29 p. 
490 0 |a IMF working paper ;  |v 12/158 
504 |a Includes bibliographical references. 
533 |a Electronic reproduction. Ann Arbor, MI : ProQuest, 2015. Available via World Wide Web. Access may be limited to ProQuest affiliated libraries. 
650 0 |a Government securities. 
650 0 |a Securities. 
655 4 |a Electronic books. 
710 2 |a International Monetary Fund. 
710 2 |a ProQuest (Firm) 
856 4 0 |u https://ebookcentral.proquest.com/lib/matrademy/detail.action?docID=1606803  |z Click to View